[Event "Adelaide Checkmate op"]
[Site "Adelaide"]
[Date "2007.07.07"]
[Round "1"]
[White "Thorne, Richard"]
[Black "Tan, Peter"]
[Result "0-1"]
[WhiteElo "1467"]
[BlackElo "909"]
[PlyCount "56"]
[EventDate "2007.07.07"]
[EventType "swiss"]
[EventRounds "7"]
[EventCountry "AUS"]
[SourceTitle "EXT 2010"]
[Source "ChessBase"]
[SourceDate "2010.11.25"]
[SourceVersion "1"]
[SourceVersionDate "2010.11.25"]
[SourceQuality "1"]

1. Nf3 Nc6 2. d4 d5 3. Bg5 Nf6 4. e3 Bg4 5. Be2 e6 6. Ne5 Bxe2 7. Qxe2 Be7 8. Qb5 0-0 9. Nxc6 bxc6 10. Qxc6 Rb8 11. b3 h6 12. Bf4 Bb4+ 13. c3 Ba5 14. b4 Bb6 15. Nd2 Qd7 16. Qxd7 Nxd7 17. Nb3 f6 18. a4 e5 19. Bg3 c6 20. Kd2 Bc7 21. Rhf1 Rb7 22. a5 f5 23. dxe5 Bxe5 24. Bxe5 Nxe5 25. Nc5 Re7 26. Rac1 Rfe8 27. Kc2 Nc4 28. Nb3 f4 0-1